000 00362 a2200109 4500
020 _a0195470052
082 _a954.6052 WID
100 _aWidmalm, Sten
245 _aKashmir in Comparative Perspective Democracy and Violent Separatism in India /
_cSten Widmalm
260 _aPakistan :
_bOxford university press,
_c2002
300 _axxvvii, 226p. :
_bill. ;
_c23 cm
650 _aHistory -- Kashmir
999 _c2359
_d2359